<?xml version="1.0" encoding="UTF-8"?>
<record
    xmlns:xsi="http://www.w3.org/2001/XMLSchema-instance"
    xsi:schemaLocation="http://www.loc.gov/MARC21/slim http://www.loc.gov/standards/marcxml/schema/MARC21slim.xsd"
    xmlns="http://www.loc.gov/MARC21/slim">

  <leader>00763nam a22002177a 4500</leader>
  <datafield tag="952" ind1=" " ind2=" ">
    <subfield code="a">0001</subfield>
    <subfield code="b">0001</subfield>
    <subfield code="d">2020-11-23</subfield>
    <subfield code="l">0</subfield>
    <subfield code="o">ATA 	923.156 &#x15E;33a 1981</subfield>
    <subfield code="p">019753</subfield>
    <subfield code="r">2020-11-23 00:00:00</subfield>
    <subfield code="w">2020-11-23</subfield>
    <subfield code="x">Emine Ba&#x15F;ak Alkan Ba&#x11F;&#x131;&#x15F;&#x131;d&#x131;r.</subfield>
    <subfield code="y">BKS</subfield>
  </datafield>
  <datafield tag="999" ind1=" " ind2=" ">
    <subfield code="c">14224</subfield>
    <subfield code="d">14224</subfield>
  </datafield>
  <controlfield tag="003">MIRAKIL</controlfield>
  <controlfield tag="005">20201123110026.0</controlfield>
  <controlfield tag="008">201123b        tu ||||| |||| 00| 0 tur d</controlfield>
  <datafield tag="040" ind1=" " ind2=" ">
    <subfield code="a">TR-AnCHP</subfield>
    <subfield code="c">TR-AnCHP</subfield>
  </datafield>
  <datafield tag="041" ind1=" " ind2=" ">
    <subfield code="a">Tur</subfield>
  </datafield>
  <datafield tag="082" ind1=" " ind2=" ">
    <subfield code="a">ATA 	923.156</subfield>
    <subfield code="b">&#x15E;33a 1981</subfield>
  </datafield>
  <datafield tag="100" ind1=" " ind2=" ">
    <subfield code="a">&#x15E;ehsuvaro&#x11F;lu, Bedi </subfield>
  </datafield>
  <datafield tag="245" ind1="1" ind2="0">
    <subfield code="a">Atat&#xFC;rk'&#xFC;n sa&#x11F;l&#x131;k hayat&#x131; / </subfield>
    <subfield code="c">Bedi &#x15E;ehsuvaro&#x11F;lu.</subfield>
  </datafield>
  <datafield tag="260" ind1=" " ind2=" ">
    <subfield code="a">&#x130;stanbul:</subfield>
    <subfield code="b">H&#xFC;rriyet Yay&#x131;nlar&#x131;;</subfield>
    <subfield code="c">1981.</subfield>
  </datafield>
  <datafield tag="300" ind1=" " ind2=" ">
    <subfield code="a">102 s:</subfield>
    <subfield code="b">fotg.;</subfield>
    <subfield code="c">20 sm.</subfield>
  </datafield>
  <datafield tag="490" ind1="0" ind2=" ">
    <subfield code="a">H&#xFC;rriyet Yay&#x131;nlar&#x131;;</subfield>
    <subfield code="a">Tarih Dizisi;</subfield>
    <subfield code="v">260.</subfield>
    <subfield code="v">23.</subfield>
  </datafield>
  <datafield tag="504" ind1=" " ind2=" ">
    <subfield code="a">Kaynak&#xE7;a vard&#x131;r.</subfield>
  </datafield>
  <datafield tag="600" ind1="1" ind2="4">
    <subfield code="9">1465</subfield>
    <subfield code="a">Atat&#xFC;rk, Gazi Mustafa Kemal</subfield>
    <subfield code="c">T&#xFC;rkiye Cumhuriyeti 1. Cumhurba&#x15F;kan&#x131;</subfield>
    <subfield code="d">1881-1938</subfield>
    <subfield code="x">Sa&#x11F;l&#x131;k durumu</subfield>
  </datafield>
  <datafield tag="650" ind1=" " ind2="0">
    <subfield code="9">5415</subfield>
    <subfield code="a">Cumhurba&#x15F;kanlar&#x131;</subfield>
    <subfield code="x">Ya&#x15F;am &#xF6;yk&#xFC;s&#xFC;</subfield>
  </datafield>
  <datafield tag="942" ind1=" " ind2=" ">
    <subfield code="2">ddc</subfield>
    <subfield code="c">BKS</subfield>
  </datafield>
</record>
